Loading...
| Fine Arts - Auditory Fine Arts | 0 | 5 | 1 | 1 | 45 | 107 | 127.00 | 0 | 0 |
| Social Science | 1 | 1 | 0 | 0 | 25 | 69 | 99.00 | 1 | 2 |
| Fine Arts - Visual Fine Arts | 1 | 2 | 2 | 0 | 25 | 68 | 92.00 | 1 | 2 |
| History - World History | 0 | 2 | 0 | 1 | 20 | 90 | 110.50 | 1 | 1 |
| Philosophy | 1 | 1 | 2 | 1 | 15 | 68 | 111.00 | 1 | 1 |
| History - Ancient History | 0 | 2 | 1 | 2 | 15 | 119 | 136.00 | 0 | 0 |
| Geography | 0 | 1 | 0 | 1 | 10 | 159 | 159.00 | 0 | 0 |
| Literature - World Literature | 0 | 1 | 0 | 0 | 10 | 134 | 134.00 | 1 | 1 |
| Mythology | 0 | 1 | 0 | 0 | 10 | 74 | 74.00 | 0 | 1 |
| Religion | 0 | 2 | 2 | 0 | 10 | 86 | 95.00 | 0 | 2 |
| Literature - European Literature | 0 | 0 | 1 | 0 | -5 | 0.00 | 0 | 0 | |
| Current Events | 0 | 0 | 1 | 0 | -5 | 0.00 | 0 | 0 | |
| History - American History | 0 | 0 | 1 | 0 | -5 | 0.00 | 0 | 0 |